书目信息 |
| 题名: |
图书馆管理与阅读服务创新
|
|
| 作者: | 李永钢 , 张海静 , 王力 主编 | |
| 分册: | ||
| 出版信息: | 北京 中国纺织出版社 2022.01 |
|
| 页数: | 261页 | |
| 开本: | 25cm | |
| 丛书名: | ||
| 单 册: | ||
| 中图分类: | G251 , G252 | |
| 科图分类: | ||
| 主题词: | 图书馆管理--tu shu guan guan li--研究 , 图书馆服务--tu shu guan fu wu--研究 | |
| 电子资源: | ||
| ISBN: | 978-7-5180-3412-3 | |
| 000 | 01083nam0 2200301 450 | |
| 001 | 012001002901 | |
| 005 | 20140203105418.0 | |
| 010 | @a978-7-5180-3412-3@dCNY62.00 | |
| 099 | @aCAL 012017139745 | |
| 100 | @a20220905d2017 ekmy0chiy50 ea | |
| 101 | 0 | @achi |
| 102 | @aCN@b110000 | |
| 105 | @ay z 000yy | |
| 106 | @ar | |
| 200 | 1 | @a图书馆管理与阅读服务创新@Atu shu guan guan li yu yue du fu wu chuang xin@f李永钢, 张海静, 王力主编 |
| 210 | @a北京@c中国纺织出版社@d2022.01 | |
| 215 | @a261页@d25cm | |
| 330 | @a本书从图书馆的前世今生,从图书管理、图书管理员素质提升,图书馆相关政策与立法,以及未来图书馆的发展与研究等方面作深入浅出的探讨,希望能眞到抛砖引玉的作用,让更多人关注我国的图书馆工作。 | |
| 333 | @a图书馆相关从业人员 | |
| 606 | 0 | @a图书馆管理@Atu shu guan guan li@x研究 |
| 606 | 0 | @a图书馆服务@Atu shu guan fu wu@x研究 |
| 690 | @aG251@v5 | |
| 690 | @aG252@v5 | |
| 701 | 0 | @a李永钢@Ali yong gang@4主编 |
| 701 | 0 | @a张海静@Azhang hai jing@4主编 |
| 701 | 0 | @a王力@Awang li@4主编 |
| 801 | 0 | @aCN@bAHXH@c20221111 |
| 905 | @b1375375-7@dG251@e51@f3 | |
| 图书馆管理与阅读服务创新/李永钢, 张海静, 王力主编.-北京:中国纺织出版社,2022.01 |
| 261页;25cm |
| 使用对象:图书馆相关从业人员 |
| ISBN 978-7-5180-3412-3:CNY62.00 |
| 本书从图书馆的前世今生,从图书管理、图书管理员素质提升,图书馆相关政策与立法,以及未来图书馆的发展与研究等方面作深入浅出的探讨,希望能眞到抛砖引玉的作用,让更多人关注我国的图书馆工作。 |
| ● |
| 相关链接 |
|
|
|
|
正题名:图书馆管理与阅读服务创新
索取号:G251/51
 
预约/预借
| 序号 | 登录号 | 条形码 | 馆藏地/架位号 | 状态 | 备注 |
| 1 | 1375375 | 213753758 | 第一样本阅览室/ [索取号:G251/51] | 在馆 | |
| 2 | 1375376 | 213753767 | 第四借阅区/ [索取号:G251/51] | 在馆 | |
| 3 | 1375377 | 213753776 | 第四借阅区/ [索取号:G251/51] | 在馆 |